| 000 | 03356nam a22002537a 4500 | ||
|---|---|---|---|
| 001 | 216223632 | ||
| 003 | UA-OsUOA | ||
| 005 | 20230405104851.0 | ||
| 008 | 230405b un ||||| |||| 00| 0 ukr d | ||
| 040 |
_aUA-OsUOA _bukr _cUA-OsUOA _dUA-OsUOA |
||
| 041 | _aukr | ||
| 080 | _a[2-67+322](477.85)"1991/2010" | ||
| 090 | _a[2-67+322](477.85)"1991/2010" | ||
| 095 |
_a09.00.11 _bрелігієзнавство |
||
| 100 | _aЛуцан І.В. | ||
| 245 |
_aСпецифіка відносин державних органів влади з релігійними організаціями у Чернівецькій області (1991-2010 рр.) _cЛуцан Ігор Васильович; наук. керівник Балух Василь Олексійович |
||
| 260 |
_aОстрог _c2017 |
||
| 300 | _a20 с. | ||
| 502 |
_6Автореферат дисертації на здобуття наукового ступеня кандидата історичних наук
_cНаціональний університет "Острозька академія" _d2017 |
||
| 520 | _aДисертація є цілісним історико-релігієзнавчим дослідженням, у якому проаналізовано зміст і характер відносин державних органів влади з релігійними організаціями у Чернівецькій області впродовж 1991-2010 рр. На основі джерельної бази та наявної історіографії аналізуються ферми та методи релігійної політики місцевих структур щодо релігії та Церкви на регіональному рівні, яка відзначалася як системними порушеннями у правовому полі, адже призводила до конфліктних ситуацій та ускладнень у суспільному житті загалом і церковному зокрема, так і засвідчувала якісно інший рівень стратегії розвитку релігійного середовища, адже намагалася опиратися на імператив толерантності. Особливу увагу присвячено розгляд}' релігійної мережі Чернівецької області, її стану і динаміки за такими показниками: кількісний склад організацій/громад, матеріальна база, кадровий потенціал, навчально-просвітницька діяльність, видавнича справа. Окремо розглянуто напрями духовно-просвітницької діяльності і соціального служіння релігійних організацій області та визначено ключові детермінанти розширення їхньої інфраструктури і сфер впливу на суспільно-політичне та духовно- культурне життя краю. | ||
| 650 |
_2UDC _a2 Релігія |
||
| 942 |
_2udc _cAR |
||
| 955 | _a1 | ||
| 999 |
_c574102 _d574102 |
||